One Piece - Shichibukai - Statistiques

Statistiques générales
  • Ce quiz a été pris 6 118 fois
  • Le résultat moyen est 9 sur 11
Statistiques - réponses
Position Nom % Correct
Anciennement Don Quichotte Doflamingo
95%
Actuel Dracule Mihawk
93%
Actuel Boa Hancock
92%
Anciennement Crocodile
92%
Anciennement Gecko Moria
90%
Actuel Baggy
83%
Actuel Bartholomew Kuma
82%
Anciennement Marshall D. Teach
78%
Anciennement Trafalgar D. Water Law
76%
Anciennement Jinbei
67%
Actuel Edward Weeble
36%
Aucun quiz correspondant
Distribution des résultats
% des personnes avec chaque résultat
Percentile par nombre de réponses
Votre historique - résultats
Vous n’avez pas pris ce quiz